000 00454nam a2200181Ia 4500
008 230524s9999 xx 000 0 und d
020 _a9788131720624
082 _bSIV
100 _aS.Sivanagaraju
_942003
245 0 _aPower System Operation And Control
250 _a1
260 _aNew Delhi
_bPearson
_c2009
300 _a"XIX,585p;"
500 _aQuantity Number: 1
650 _aElectrical
700 _aG.Sreenivasan
_942825
942 _cBK
999 _c57795
_d57795